Normal view MARC view
  • Parks

Entry Topical Term

Number of records used in: 1

001 - CONTROL NUMBER

  • control field: 94816

003 - CONTROL NUMBER IDENTIFIER

  • control field: NUST

005 - DATE AND TIME OF LATEST TRANSACTION

  • control field: 20220724183939.0

008 - FIXED-LENGTH DATA ELEMENTS

  • fixed length control field: 220724|| aca||aabn | a|a d

040 ## - CATALOGING SOURCE

  • Original cataloging agency: NUST
  • Transcribing agency: NUST

150 ## - HEADING--TOPICAL TERM

  • Topical term or geographic name entry element: Parks
  • Geographic subdivision: United States

670 ## - SOURCE DATA FOUND

  • Source citation: Work cat.: (NUST)0: 50 states, 500 state parks :
© 2023 Central Library, National University of Sciences and Technology. All Rights Reserved.